<?xml version="1.0" encoding="UTF-8"?>
<marc:record xmlns:marc="http://www.loc.gov/MARC21/slim">
   <marc:leader>00000nam a2200000 a 4500</marc:leader>
   <marc:datafield ind1="1" ind2=" " tag="100">
      <marc:subfield code="a">Moser, Erwin</marc:subfield>
      <marc:subfield code="4">aut</marc:subfield>
      <marc:subfield code="e">Verfasser/-in</marc:subfield>
   </marc:datafield>
   <marc:datafield ind1="0" ind2="0" tag="245">
      <marc:subfield code="a">Wo wohnt die Maus?</marc:subfield>
   </marc:datafield>
   <marc:datafield ind1="0" ind2="0" tag="245">
      <marc:subfield code="b">Frühlings- und Sommergeschichten</marc:subfield>
   </marc:datafield>
   <marc:datafield ind1="0" ind2="0" tag="245">
      <marc:subfield code="c">Erwin Moser</marc:subfield>
   </marc:datafield>
   <marc:datafield ind1=" " ind2="1" tag="264">
      <marc:subfield code="a">St. Pölten</marc:subfield>
      <marc:subfield code="b">Residenz-Verl.</marc:subfield>
      <marc:subfield code="c">2011</marc:subfield>
   </marc:datafield>
   <marc:datafield ind1="1" ind2=" " tag="490">
      <marc:subfield code="a">Nilpferd in Residenz</marc:subfield>
   </marc:datafield>
   <marc:datafield ind1="1" ind2=" " tag="520">
      <marc:subfield code="a">Angaben aus der Verlagsmeldung

Wo wohnt die Maus? : Frühlings- und Sommergeschichten / von Erwin Moser

Ein sonniges Wiedersehen mit Erwin Mosers Lieblingen

Die Maus sucht einen Schlafplatz und landet auf einem kuscheligen Bärenbauch. Die kleine Katze Nina schlägt mit dem Flugzeug Luftpurzelbäume. Der Frosch wird von der Unke geküsst. Die Igelkinder retten eine Maus. Eine fliegende Zauberkiste hilft in der Not. Joschi Tintenkatz zeichnet eine propellerbetriebene Teekannenwohnung für die Familie Maushuber. Maus Trixi besucht die abenteuerlichsten Planeten. Das Kürbisboot reist zu den fernsten Inseln. Die Mäusepiraten finden die Höhle der glitzernden Steine.
Neun lustige Geschichten aus dem Frühling und dem Sommer erzählt der beliebte Maler und Autor und stattet sie mit wunderbaren Bildern aus.

Ein Familienbuch, wie man es von Erwin Mosererwartet: charmant, liebevoll – ein Wiedersehen mit seinen beliebten Figuren, das große Freude macht!

</marc:subfield>
   </marc:datafield>
   <marc:datafield ind1=" " ind2=" " tag="020">
      <marc:subfield code="a">9783707450842</marc:subfield>
      <marc:subfield code="9">9783707450842</marc:subfield>
   </marc:datafield>
   <marc:datafield ind1=" " ind2=" " tag="041">
      <marc:subfield code="a">ger</marc:subfield>
   </marc:datafield>
   <marc:datafield ind1=" " ind2=" " tag="300">
      <marc:subfield code="a">149 S.</marc:subfield>
   </marc:datafield>
</marc:record>
